书目信息 |
| 题名: |
中国国民健康发展报告
|
|
| 作者: | 王晓军 著 | |
| 分册: | ||
| 出版信息: | 北京 中国人民大学出版社 2024.07 |
|
| 页数: | 322页 | |
| 开本: | 23cm | |
| 丛书名: | ||
| 单 册: | ||
| 中图分类: | R195 | |
| 科图分类: | ||
| 主题词: | 居民--ju min--健康--研究报告--中国 | |
| 电子资源: | ||
| ISBN: | 978-7-300-32998-7 | |
| 000 | 01883nam0 2200277 450 | |
| 001 | 90233 | |
| 005 | 20250815150918.12 | |
| 010 | @a978-7-300-32998-7@dCNY79.00 | |
| 100 | @a20240729d2024 em y0chiy50 ea | |
| 101 | 0 | @achi |
| 102 | @aCN@b110000 | |
| 105 | @aak a 000yy | |
| 106 | @ar | |
| 200 | 1 | @a中国国民健康发展报告@Azhong guo guo min jian kang fa zhan bao gao@d= Report on the national health development in China@f王晓军等著@zeng |
| 210 | @a北京@c中国人民大学出版社@d2024.07 | |
| 215 | @a322页@c图@d23cm | |
| 300 | @a本成果受到中国人民大学2022年度“中央高校建设世界一流大学 (学科) 和特色发展引导专项资金”支持 | |
| 314 | @a王晓军, 中国人民大学吴玉章讲席教授, 统计学院院长。国家统计专家咨询委员会委员, 兼任中国统计教育学会副会长、国务院学位委员会统计学学科评议组召集人、全国应用统计专业学位研究生教育指导委员会秘书长、国家统计局 —— 中国人民大学数据开发中心执行主任。主要从事人口统计、人寿保险、养老金、社会保障以及与健康相关的风险量化模型与应用研究。 | |
| 320 | @a有书目 (第310-322页) | |
| 330 | @a本书在“健康中国2030”背景下, 构建国民健康综合评价指标体系, 从健康水平、健康生活、健康服务与保障、健康环境四个维度对中国国民健康发展水平、发展趋势、影响因素、发展差距等进行研究, 比较分析我国不同省区、城乡、人群间的健康差距及其原因, 以及我国与发达国家之间的健康差距及其原因, 提出健康促进的政策建议, 为健康中国发展做出贡献。在数据获取和分析方面, 除了采用政府统计系统发布的全国和省级层面的宏观数据, 课题组还专门组织开展了“中国居民健康意识调查”, 获取微观个体健康意识和健康行为数据。同时, 本书利用信息化和网络化背景下的大数据信息, 采用网络社会舆情分析方法, 创新数据获得方法, 加强对国民健康发展水平的现实把握。 | |
| 510 | 1 | @aReport on the national health development in China@zeng |
| 606 | 0 | @a居民@Aju min@x健康@x研究报告@y中国 |
| 690 | @aR195@v5 | |
| 701 | 0 | @a王晓军@Awang xiao jun@4著 |
| 801 | 0 | @aCN@c20250909 |
| 905 | @a河南城建学院图书馆@dR195@eW380@f1 | |
| 中国国民健康发展报告= Report on the national health development in China/王晓军等著.-北京:中国人民大学出版社,2024.07 |
| 322页:图;23cm |
| 本成果受到中国人民大学2022年度“中央高校建设世界一流大学 (学科) 和特色发展引导专项资金”支持 |
| ISBN 978-7-300-32998-7:CNY79.00 |
| 本书在“健康中国2030”背景下, 构建国民健康综合评价指标体系, 从健康水平、健康生活、健康服务与保障、健康环境四个维度对中国国民健康发展水平、发展趋势、影响因素、发展差距等进行研究, 比较分析我国不同省区、城乡、人群间的健康差距及其原因, 以及我国与发达国家之间的健康差距及其原因, 提出健康促进的政策建议, 为健康中国发展做出贡献。在数据获取和分析方面, 除了采用政府统计系统发布的全国和省级层面的宏观数据, 课题组还专门组织开展了“中国居民健康意识调查”, 获取微观个体健康意识和健康行为数据。同时, 本书利用信息化和网络化背景下的大数据信息, 采用网络社会舆情分析方法, 创新数据获得方法, 加强对国民健康发展水平的现实把握。 |
| ● |
| 相关链接 |
|
|
|
正题名:中国国民健康发展报告
索取号:R195/W380
 
预约/预借
| 序号 | 登录号 | 条形码 | 馆藏地/架位号 | 状态 | 备注 |
| 1 | 1624195 | 216241957 | 自科库401/401自科库 8排3列1层/ [索取号:R195/W380] | 在馆 |